LIBRARY & INFORMATION CENTRE, KCAET, TAVANUR

ONLINE PUBLIC ACCESS CATALOGUE (OPAC)

Unit Operations and Unit Procrsses: Including Computer Programs- Volume -1 (Record no. 14590)

MARC details
000 -LEADER
fixed length control field 00384nam a22001337a 4500
020 ## - INTERNATIONAL STANDARD BOOK NUMBER
ISBN 8123913141
082 ## - DEWEY DECIMAL CLASSIFICATION NUMBER
Classification number 660.284
Item number NAR/UN
100 ## - MAIN ENTRY--AUTHOR NAME
Personal name Narayanan,C.M
100 ## - MAIN ENTRY--AUTHOR NAME
Personal name Bhattacharya,B.C
245 ## - TITLE STATEMENT
Title Unit Operations and Unit Procrsses: Including Computer Programs- Volume -1
260 ## - PUBLICATION, DISTRIBUTION, ETC. (IMPRINT)
Place of publication New Delhi
Name of publisher CBS Publishers and Distributors
Year of publication 2006
300 ## - PHYSICAL DESCRIPTION
Number of Pages 907
942 ## - ADDED ENTRY ELEMENTS (KOHA)
Koha item type Books
Holdings
Withdrawn status Lost status Damaged status Collection code Home library Current library Shelving location Date acquired Source of acquisition Cost, normal purchase price Full call number Accession Number Koha item type
        KAUAET KAUAET General Stacks 19/07/2016 Ganesh Book Centre 350.00 660.284. NAR/UN 24884 Books
free website counter